00441nam a2200157 4500003000400000008004100004020001800045082001800063100002300081245008200104250001200186260003300198300001700231650001200248700002300260OSt240702b |||||||| |||| 00| 0 eng d a9788130923581 a658.4012bDIT aDIXIT, Avinash k. aThe Art of Strategy bA Game Theorist's Guide to Success in Business and Life aReprint aNew Delhib Viva Booksc2018 axviii, 472p. aGeneral aNALEBUFF, Barry J.